PHARMACEUTICS -1 (Record no. 9611)

MARC details
000 -LEADER
fixed length control field 00336nam a22001577a 4500
003 - CONTROL NUMBER IDENTIFIER
control field SGT
020 ## - INTERNATIONAL STANDARD BOOK NUMBER
International Standard Book Number 978-93-8-5529-00-9
082 ## - DEWEY DECIMAL CLASSIFICATION NUMBER
Classification number 615.19
Item number P16M
100 ## - MAIN ENTRY--PERSONAL NAME
Personal name MEHTA, R.M
245 ## - TITLE STATEMENT
Title PHARMACEUTICS -1
250 ## - EDITION STATEMENT
Edition statement 6TH
260 ## - PUBLICATION, DISTRIBUTION, ETC. (IMPRINT)
Place of publication, distribution, etc HARYANA
Name of publisher, distributor, etc VALLABH .PUB
Year of Publication 2016
300 ## - PAGE DESCRIPTION
No. of Pages 336
650 ## - SUBJECT ADDED ENTRY--TOPICAL TERM
Topical term or geographic name as entry element PHARMACEUTICS
942 ## - ADDED ENTRY ELEMENTS (KOHA)
Source of classification or shelving scheme Dewey Decimal Classification
Koha item type Books
942 ## - ADDED ENTRY ELEMENTS (KOHA)
-- 29
Holdings
Withdrawn status Lost status Source of classification or shelving scheme Damaged status Not for loan Collection code Home library Current library Shelving location Date acquired Vendor Name Cost, normal purchase price SGTU Bill Number Total Checkouts Full call number Accession No. (Barcode) Checked out Date last seen Date last borrowed Bill Date Koha item type
  Long Overdue (Lost) Dewey Decimal Classification     PHARMACY SGT FA-FP Library SGT FA-FP Library Text Book 23/07/2016 UNIVERSAL BOOK 200.00 SGTU 156 52 615.19 P16M FP1876 14/11/2020 19/10/2020 19/10/2020 15/07/2016 Books
    Dewey Decimal Classification     PHARMACY SGT FA-FP Library SGT FA-FP Library Text Book 23/07/2016 UNIVERSAL BOOK 200.00 SGTU 156 43 615.19 P16M FP1877   21/07/2021 05/06/2021 15/07/2016 Books
    Dewey Decimal Classification     PHARMACY SGT FA-FP Library SGT FA-FP Library Text Book 23/07/2016 UNIVERSAL BOOK 200.00 SGTU 156 42 615.19 P16M FP1878   09/07/2021 09/07/2021 15/07/2016 Books
    Dewey Decimal Classification     PHARMACY SGT FA-FP Library SGT FA-FP Library Text Book 23/07/2016 UNIVERSAL BOOK 200.00 SGTU 156 26 615.19 P16M FP1879   21/10/2023 09/10/2023 15/07/2016 Books
    Dewey Decimal Classification     PHARMACY SGT FA-FP Library SGT FA-FP Library Text Book 23/07/2016 UNIVERSAL BOOK 200.00 SGTU 156 72 615.19 P16M FP1880   10/02/2025 17/01/2025 15/07/2016 Books
    Dewey Decimal Classification     PHARMACY SGT FA-FP Library SGT FA-FP Library Text Book 23/07/2016 UNIVERSAL BOOK 200.00 SGTU 156 47 615.19 P16M FP1881   30/09/2024 30/09/2024 15/07/2016 Books
    Dewey Decimal Classification     PHARMACY SGT FA-FP Library SGT FA-FP Library Text Book 23/07/2016 UNIVERSAL BOOK 200.00 SGTU 156 60 615.19 P16M FP1882   21/02/2022 08/02/2022 15/07/2016 Books
Withdrawn   Dewey Decimal Classification     PHARMACY SGT FA-FP Library SGT FA-FP Library Text Book 23/07/2016 UNIVERSAL BOOK 200.00 SGTU 156 34 615.19 P16M FP1883   16/03/2022 04/11/2019 15/07/2016 Books
    Dewey Decimal Classification     PHARMACY SGT FA-FP Library SGT FA-FP Library Reference Book 23/07/2016 UNIVERSAL BOOK 200.00 SGTU 156 35 615.19 P16M FP1884   28/04/2025 02/04/2025 15/07/2016 Books
    Dewey Decimal Classification     PHARMACY SGT FA-FP Library SGT FA-FP Library Text Book 23/07/2016 UNIVERSAL BOOK 200.00 SGTU 156 26 615.19 P16M FP1885   03/01/2024 18/12/2023 15/07/2016 Books